000 00347nam a2200121Ia 4500
005 20260326100029.0
008 260326s9999||||xx |||||||||||||| ||und||
100 _aDíaz, Hernán
245 0 _aCartagena y la Casa de huespedes ilustres de Colombia /
_cHernán Díaz
260 _bRafael Uribe Caputti
650 _aARQUITECTURA REGIONAL
942 _cBK
999 _c6549
_d6549